[Event "BCF-chT3E 2224 (4NCL)"]
[Site "England"]
[Date "2024.01.13"]
[Round "3.62"]
[White "Scott, David A"]
[Black "Wilson, Jaimie"]
[Result "1-0"]
[WhiteElo "2052"]
[BlackElo "2128"]
[PlyCount "75"]
[EventDate "2023.11.11"]
[EventType "team-tourn"]
[EventRounds "11"]
[EventCountry "ENG"]
[SourceTitle "CB11_2024"]
[SourceDate "2024.03.13"]
[SourceVersion "1"]
[SourceVersionDate "2024.03.13"]
[SourceQuality "1"]
[WhiteTeam "Surbiton"]
[BlackTeam "Wessex"]
[WhiteTeamCountry "ENG"]
[BlackTeamCountry "ENG"]

1. c4 c5 2. g3 Nc6 3. Bg2 g6 4. Nc3 Bg7 5. Nf3 e6 6. d4 cxd4 7. Nb5 d5 8. cxd5 exd5 9. 0-0 a6 10. Nbxd4 Nge7 11. Bg5 0-0 12. Qd2 Re8 13. Rfd1 Qb6 14. Be3 Qd8 15. Rac1 Nf5 16. Nxc6 bxc6 17. Bd4 Nxd4 18. Nxd4 Bxd4 19. Qxd4 Rxe2 20. Rxc6 Qe7 21. Rcc1 Rb8 22. Bf3 Re5 23. Bxd5 Bh3 24. Bg2 Bxg2 25. Kxg2 Re2 26. Rd2 Qb7+ 27. Kg1 Rxd2 28. Qxd2 Qxb2 29. Rc2 Qe5 30. Qc1 Kg7 31. Qe3 Rb1+ 32. Kg2 Qd5+ 33. f3 h5 34. Qc3+ Kh7 35. Rb2 Rd1 36. Qb3 Qb7 37. Re2 Qa7 38. Qxd1 1-0

[Event "BCF-chT3 2224 (4NCL)"]
[Site "England"]
[Date "2023.11.12"]
[Round "2.32"]
[White "Webb, Richard M"]
[Black "Scott, David A"]
[Result "1-0"]
[WhiteElo "2157"]
[BlackElo "2051"]
[PlyCount "77"]
[EventDate "2023.11.11"]
[EventType "team-tourn"]
[EventRounds "11"]
[EventCountry "ENG"]
[SourceTitle "CB48_2023"]
[SourceDate "2023.11.29"]
[SourceVersion "1"]
[SourceVersionDate "2023.11.29"]
[SourceQuality "1"]
[WhiteTeam "Crowthorne A"]
[BlackTeam "Surbiton"]
[WhiteTeamCountry "ENG"]
[BlackTeamCountry "ENG"]

1. e4 c6 2. d3 d5 3. Nd2 g6 4. g3 Bg7 5. Bg2 Nh6 6. Ngf3 0-0 7. 0-0 e5 8. c3 f6 9. d4 Nf7 10. dxe5 fxe5 11. Re1 Be6 12. Nb3 Na6 13. Be3 b6 14. Qd2 Qd7 15. exd5 cxd5 16. Ng5 Nxg5 17. Bxg5 Rae8 18. Bh6 Bxh6 19. Qxh6 e4 20. Qd2 Qf7 21. Re3 Bg4 22. h3 Bf3 23. Bxf3 exf3 24. Rae1 Rxe3 25. Rxe3 Nc5 26. Nd4 Ne4 27. Qd1 Nxg3 28. fxg3 f2+ 29. Kf1 Qd7 30. Qg4 Qb7 31. Qe6+ Kh8 32. Qe5+ Kg8 33. Qe6+ Kh8 34. Rf3 Rxf3 35. Nxf3 Qa6+ 36. Kxf2 Qxa2 37. Qf6+ Kg8 38. Qe6+ Kh8 39. Qe2 1-0

[Event "BCF-chT3 2224 (4NCL)"]
[Site "England"]
[Date "2023.11.11"]
[Round "1.62"]
[White "Scott, David A"]
[Black "Lawson, Maurice Elliot"]
[Result "1-0"]
[WhiteElo "2051"]
[BlackElo "2051"]
[PlyCount "95"]
[EventDate "2023.11.11"]
[EventType "team-tourn"]
[EventRounds "11"]
[EventCountry "ENG"]
[SourceTitle "CB48_2023"]
[SourceDate "2023.11.29"]
[SourceVersion "1"]
[SourceVersionDate "2023.11.29"]
[SourceQuality "1"]
[WhiteTeam "Surbiton"]
[BlackTeam "Kingston II"]
[WhiteTeamCountry "ENG"]
[BlackTeamCountry "ENG"]

1. c4 e5 2. g3 Nc6 3. Bg2 d6 4. Nc3 Be6 5. d3 Qd7 6. b4 g6 7. b5 Nd8 8. Bb2 Bg7 9. Qc2 Ne7 10. Nf3 Bh3 11. 0-0 Bxg2 12. Kxg2 0-0 13. Qb3 Ne6 14. e3 h6 15. Ng1 Kh7 16. Nce2 Rae8 17. e4 f5 18. f3 h5 19. h3 Bh6 20. Bc1 Bxc1 21. Raxc1 f4 22. g4 Rh8 23. Nc3 Nc5 24. Qb1 Kg7 25. Nge2 hxg4 26. hxg4 g5 27. Rh1 Ng6 28. Rcd1 Rxh1 29. Rxh1 Nh4+ 30. Kf2 Ne6 31. Qd1 c5 32. Nd5 Nc7 33. Nec3 a6 34. Nxc7 Qxc7 35. bxa6 Qa5 36. Qb3 Qxa6 37. Rb1 Re7 38. Qb6 Kf7 39. Qxa6 bxa6 40. Rb6 Ke6 41. Rxa6 Ng6 42. Nb5 Rd7 43. a4 Ne7 44. a5 Nc8 45. Ra8 Rd8 46. a6 Kd7 47. Rb8 Rh8 48. a7 1-0

[Event "BCF-chT3E 2223 (4NCL)"]
[Site "England"]
[Date "2023.02.12"]
[Round "6.42"]
[White "Brown, Alan M"]
[Black "Scott, David A"]
[Result "1-0"]
[WhiteElo "1997"]
[BlackElo "2118"]
[PlyCount "95"]
[EventDate "2022.11.05"]
[EventType "team-tourn"]
[EventRounds "11"]
[EventCountry "ENG"]
[SourceTitle "EXT 2024"]
[Source "ChessBase"]
[SourceDate "2023.10.10"]
[SourceVersion "1"]
[SourceVersionDate "2023.10.10"]
[SourceQuality "1"]
[WhiteTeam "MK Phoenix"]
[BlackTeam "Surbiton"]
[WhiteTeamCountry "ENG"]
[BlackTeamCountry "ENG"]

1. d4 d5 2. Nf3 Nf6 3. c4 c6 4. cxd5 cxd5 5. Nc3 Nc6 6. Bf4 a6 7. e3 Bg4 8. Be2 e6 9. 0-0 Bd6 10. Bxd6 Qxd6 11. Rc1 0-0 12. Na4 Rac8 13. a3 Rc7 14. Nc5 Bxf3 15. Bxf3 e5 16. Nb3 e4 17. Be2 Ne8 18. f4 exf3 19. Rxf3 Nf6 20. Bd3 Rfc8 21. Bf5 Re8 22. Qd2 Ne4 23. Bxe4 Rxe4 24. Rcf1 b6 25. Qf2 Nd8 26. Qe2 a5 27. Nd2 Re8 28. Nb1 Ne6 29. Qb5 Rf8 30. Nc3 Rd7 31. Na4 Rb7 32. Rf5 Nc7 33. Qb3 Qe6 34. Nc5 bxc5 35. Qxb7 Qxe3+ 36. Kh1 Qe7 37. dxc5 Qxc5 38. b4 axb4 39. axb4 Qc4 40. R5f4 d4 41. Kg1 f6 42. Re4 Nd5 43. Rfe1 Ne3 44. R1xe3 f5 45. Re7 dxe3 46. Rxg7+ Kh8 47. Rxh7+ Kg8 48. Qg7# 1-0

[Event "BCF-chT3E 2223 (4NCL)"]
[Site "England"]
[Date "2023.02.11"]
[Round "5.32"]
[White "Scott, David A"]
[Black "Rogacewicz, Mikolaj"]
[Result "0-1"]
[WhiteElo "2118"]
[BlackElo "2003"]
[PlyCount "124"]
[EventDate "2022.11.05"]
[EventType "team-tourn"]
[EventRounds "11"]
[EventCountry "ENG"]
[SourceTitle "EXT 2024"]
[Source "ChessBase"]
[SourceDate "2023.10.10"]
[SourceVersion "1"]
[SourceVersionDate "2023.10.10"]
[SourceQuality "1"]
[WhiteTeam "Surbiton"]
[BlackTeam "Sussex Martlets II"]
[WhiteTeamCountry "ENG"]
[BlackTeamCountry "ENG"]

1. d4 e6 2. c4 b6 3. a3 Bb7 4. Nc3 g6 5. e4 Bg7 6. Nf3 d5 7. cxd5 exd5 8. e5 Ne7 9. h4 0-0 10. h5 Bc8 11. h6 Bh8 12. Bg5 f6 13. exf6 Bxf6 14. Qd2 Nbc6 15. Bxf6 Rxf6 16. Ne5 Re6 17. f4 Nf5 18. Ne2 Ba6 19. g4 Nfe7 20. f5 Nxe5 21. dxe5 Rxe5 22. 0-0-0 Bxe2 23. Bxe2 Qd6 24. Bd3 Rf8 25. fxg6 Nxg6 26. Bf5 c6 27. Qd3 Rfe8 28. Kb1 Kf7 29. Rdf1 Ke7 30. Qa6 Qc7 31. Bxg6 hxg6 32. Qd3 Qd6 33. Qf3 Qe6 34. h7 Rh8 35. Qf8+ Rxf8 36. Rxf8 Re1+ 37. Rxe1 Qxe1+ 38. Ka2 Kxf8 39. h8Q+ Kf7 40. g5 Qe6 41. Qh7+ Kf8 42. Qxa7 d4+ 43. Ka1 d3 44. Qxb6 Qd6 45. Qf2+ Ke7 46. Qd2 Qd4 47. Kb1 Kd6 48. Qc3 Qg1+ 49. Ka2 Qxg5 50. Qb4+ c5 51. Qb8+ Kd5 52. Qb3+ Ke4 53. Qc4+ Ke3 54. Qe6+ Kd4 55. Kb1 Qf5 56. Qd6+ Ke4 57. Qc6+ Ke3 58. Qh1 d2+ 59. Ka1 Qf3 60. Qg1+ Ke2 61. Qh2+ Qf2 62. Qe5+ Kf1 0-1

[Event "BCF-chT3E 2223 (4NCL)"]
[Site "England"]
[Date "2023.01.07"]
[Round "3.11"]
[White "Cooksey, Paul S"]
[Black "Scott, David A"]
[Result "1-0"]
[WhiteElo "2284"]
[BlackElo "2118"]
[PlyCount "99"]
[EventDate "2022.11.05"]
[EventType "team-tourn"]
[EventRounds "11"]
[EventCountry "ENG"]
[SourceTitle "EXT 2024"]
[Source "ChessBase"]
[SourceDate "2023.10.10"]
[SourceVersion "1"]
[SourceVersionDate "2023.10.10"]
[SourceQuality "1"]
[WhiteTeam "Crowthorne"]
[BlackTeam "Surbiton"]
[WhiteTeamCountry "ENG"]
[BlackTeamCountry "ENG"]

1. c4 c6 2. Nf3 d5 3. e3 Nf6 4. Nc3 e6 5. d4 Nbd7 6. Qc2 Bd6 7. b3 0-0 8. Be2 b6 9. 0-0 Bb7 10. Bb2 Qe7 11. Rad1 Rad8 12. Rfe1 Rfe8 13. g3 c5 14. cxd5 exd5 15. Nh4 g6 16. dxc5 bxc5 17. Qb1 Qe6 18. Bf1 Bf8 19. Bg2 Bg7 20. Ne2 Ne5 21. Qa1 g5 22. Nf3 Nxf3+ 23. Bxf3 Qf5 24. Bg2 Ng4 25. Rf1 Ba6 26. h3 Bxe2 27. hxg4 Qg6 28. Bxd5 Bxb2 29. Qxb2 Bxf1 30. Kxf1 Qa6+ 31. Kg1 Rd6 32. Qd2 Red8 33. e4 h6 34. Qc2 Qb6 35. Kg2 R8d7 36. Qc4 Kg7 37. Rc1 Qa6 38. Qxc5 Qxa2 39. Qd4+ Kg8 40. Rc8+ Rd8 41. Rxd8+ Rxd8 42. Bxf7+ Kxf7 43. Qxd8 Qxb3 44. Qd7+ Kg6 45. e5 Qc2 46. Qe6+ Kg7 47. Qf6+ Kh7 48. Qf7+ Kh8 49. e6 Qe4+ 50. Kh2 1-0

[Event "BCF-chT3S 1819 (4NCL) Promotion pool"]
[Site "England"]
[Date "2019.05.05"]
[Round "10.11"]
[White "Martin, Lewis"]
[Black "Scott, David A"]
[Result "1/2-1/2"]
[WhiteElo "2196"]
[BlackElo "2156"]
[PlyCount "137"]
[EventDate "2019.04.14"]
[EventType "team-tourn"]
[EventRounds "11"]
[EventCountry "ENG"]
[SourceTitle "EXT 2021"]
[Source "ChessBase"]
[SourceDate "2020.10.23"]
[SourceVersion "1"]
[SourceVersionDate "2020.10.23"]
[SourceQuality "1"]
[WhiteTeam "Check Innmates"]
[BlackTeam "Surbiton"]
[WhiteTeamCountry "ENG"]
[BlackTeamCountry "ENG"]

1. e4 e6 2. d4 d5 3. Nd2 Be7 4. Bd3 c5 5. dxc5 Nf6 6. exd5 Qxd5 7. Ngf3 Qxc5 8. 0-0 0-0 9. Qe2 Nbd7 10. b3 Qh5 11. Bb2 Nd5 12. Nd4 Qxe2 13. Bxe2 Rd8 14. Rfd1 Nc5 15. N2f3 f6 16. Bc4 Nb6 17. Bf1 a6 18. c4 e5 19. Nc2 Bg4 20. Ne3 Bxf3 21. gxf3 Ne6 22. Bd3 Rac8 23. Bf5 Rc6 24. Nd5 Kf7 25. Nxe7 Rxd1+ 26. Rxd1 Kxe7 27. Ba3+ Kf7 28. Rd6 Rxd6 29. Bxd6 Nd7 30. Be4 b6 31. b4 a5 32. a3 axb4 33. axb4 Nf4 34. Bc6 Ke6 35. Bc7 Nd3 36. b5 N3c5 37. f4 exf4 38. Bxf4 Ne5 39. Bd5+ Kf5 40. Be3 Ned7 41. f3 g5 42. Kf2 Kg6 43. Kg3 h6 44. Bd4 Nb3 45. Be3 Nbc5 46. f4 Kf5 47. Kf3 h5 48. h3 Kg6 49. Bc6 Kf5 50. Bd5 Kg6 51. fxg5 fxg5 52. Bd4 Nb3 53. Bc3 Nbc5 54. Be4+ Nxe4 55. Kxe4 Nc5+ 56. Ke5 Nd7+ 57. Kd6 Nc5 58. Bd4 Na4 59. Ke5 h4 60. Ke4 g4 61. hxg4 h3 62. Kf3 h2 63. Kg2 Kg5 64. Kxh2 Kxg4 65. Kg2 Kf4 66. Kf2 Ke4 67. Bxb6 Nxb6 68. c5 Na4 69. c6 1/2-1/2

[Event "BCF-chT3Sb 1819 (4NCL)"]
[Site "England"]
[Date "2018.11.17"]
[Round "1.72"]
[White "Scott, David A"]
[Black "Forster, Matthew"]
[Result "1/2-1/2"]
[WhiteElo "2152"]
[BlackElo "2042"]
[PlyCount "125"]
[EventDate "2018.11.17"]
[EventType "team-tourn"]
[EventRounds "7"]
[EventCountry "ENG"]
[SourceTitle "EXT 2021"]
[Source "ChessBase"]
[SourceDate "2020.10.23"]
[SourceVersion "1"]
[SourceVersionDate "2020.10.23"]
[SourceQuality "1"]
[WhiteTeam "Surbiton"]
[BlackTeam "Sussex Martlets II"]
[WhiteTeamCountry "ENG"]
[BlackTeamCountry "ENG"]

1. d4 d5 2. c4 dxc4 3. e3 Nf6 4. Bxc4 e6 5. Nf3 c5 6. 0-0 a6 7. dxc5 Qxd1 8. Rxd1 Bxc5 9. Be2 Nc6 10. a3 Be7 11. b4 0-0 12. Bb2 Nd5 13. Nbd2 Nb6 14. Rac1 Rd8 15. Nb3 Bd7 16. Ne5 f6 17. Nxd7 Nxd7 18. Bf3 Kf7 19. Bxc6 bxc6 20. Na5 Nb6 21. Nxc6 Rxd1+ 22. Rxd1 Nc4 23. Rd7 Nxb2 24. Rxe7+ Kf8 25. Rxe6 Rc8 26. Kf1 Nc4 27. a4 Nb2 28. b5 Nxa4 29. bxa6 Nc5 30. Rd6 Nxa6 31. Rd8+ Rxd8 32. Nxd8 Ke7 33. Nc6+ Kd6 34. Nd4 Ke5 35. Ke2 Nb4 36. Kd2 f5 37. Nf3+ Kd5 38. Kc3 Na2+ 39. Kb3 Nc1+ 40. Kc2 Na2 41. Ne1 Nb4+ 42. Kc3 Nc6 43. f3 g5 44. Nd3 Ne7 45. Nf2 Nc6 46. e4+ Ke6 47. Nd3 h5 48. Kc4 Na5+ 49. Kb5 Nb3 50. Kb4 Nd2 51. Kc3 Nf1 52. h3 Ne3 53. g3 Nf1 54. g4 hxg4 55. hxg4 fxg4 56. fxg4 Nh2 57. Nf2 Ke5 58. Kd3 Kf4 59. Kd4 Kf3 60. Ke5 Kxf2 61. Kf5 Nf3 62. e5 Nxe5 63. Kxg5 1/2-1/2

[Event "BCF-chT4S 1718 (4NCL)"]
[Site "England"]
[Date "2018.05.05"]
[Round "9.42"]
[White "Scott, David A"]
[Black "Wilks, Simon"]
[Result "1-0"]
[WhiteElo "2107"]
[BlackElo "2019"]
[PlyCount "63"]
[EventDate "2017.11.11"]
[EventType "team-swiss"]
[EventRounds "11"]
[EventCountry "ENG"]
[SourceTitle "EXT 2020"]
[Source "ChessBase"]
[SourceDate "2019.10.17"]
[SourceVersion "1"]
[SourceVersionDate "2019.10.17"]
[SourceQuality "1"]
[WhiteTeam "Surbiton"]
[BlackTeam "All Anands on Deck"]
[WhiteTeamCountry "ENG"]
[BlackTeamCountry "ENG"]

1. d4 Nf6 2. c4 e6 3. Nc3 Bb4 4. e3 0-0 5. Nge2 d5 6. a3 Be7 7. Nf4 c6 8. Qc2 Nbd7 9. cxd5 exd5 10. Bd3 Re8 11. 0-0 Nf8 12. b4 Bd6 13. b5 Bxf4 14. exf4 Ne6 15. bxc6 Nxd4 16. cxb7 Bxb7 17. Qa4 Ne6 18. Bb5 Rf8 19. f5 Nc5 20. Qb4 Rc8 21. Bg5 h6 22. Bh4 a6 23. Be2 Qd6 24. Rad1 Rfd8 25. Bf3 Qe5 26. Bxf6 gxf6 27. Rfe1 Qxf5 28. Bg4 Qg5 29. Bxc8 Rxc8 30. Re3 Qf5 31. Ne2 a5 32. Qxa5 1-0

[Event "BCF-chT4S 1718 (4NCL)"]
[Site "England"]
[Date "2018.02.10"]
[Round "5.52"]
[White "Scott, David A"]
[Black "Staniforth, Matthew"]
[Result "1-0"]
[WhiteElo "2107"]
[BlackElo "1880"]
[PlyCount "47"]
[EventDate "2017.11.11"]
[EventType "team-swiss"]
[EventRounds "11"]
[EventCountry "ENG"]
[SourceTitle "EXT 2020"]
[Source "ChessBase"]
[SourceDate "2019.10.17"]
[SourceVersion "1"]
[SourceVersionDate "2019.10.17"]
[SourceQuality "1"]
[WhiteTeam "Surbiton"]
[BlackTeam "West is Best IV"]
[WhiteTeamCountry "ENG"]
[BlackTeamCountry "WLS"]

1. d4 Nf6 2. c4 c5 3. d5 e5 4. Nc3 d6 5. e4 Be7 6. h3 Nbd7 7. Be3 Nf8 8. Be2 Ng6 9. g3 h6 10. Qd2 a6 11. 0-0-0 0-0 12. f4 exf4 13. gxf4 Ne8 14. Nf3 b5 15. e5 Qa5 16. Kb1 Rb8 17. Qc2 bxc4 18. Nd2 Bf5 19. Qxf5 Qxc3 20. Nxc4 dxe5 21. fxe5 Nxe5 22. Bd2 Qg3 23. Qxe5 Rxb2+ 24. Qxb2 1-0

[Event "BCF-chT3S 1213 (4NCL)"]
[Site "England"]
[Date "2013.02.23"]
[Round "5.60"]
[White "Cook, Michael P"]
[Black "Scott, David A"]
[Result "0-1"]
[WhiteElo "2039"]
[BlackElo "2017"]
[PlyCount "88"]
[EventDate "2012.11.03"]
[EventType "team-swiss"]
[EventRounds "6"]
[EventCountry "ENG"]
[SourceTitle "EXT 2014"]
[Source "ChessBase"]
[SourceDate "2013.11.20"]
[SourceVersion "1"]
[SourceVersionDate "2013.11.20"]
[SourceQuality "1"]
[WhiteTeam "Anglian Avengers II"]
[BlackTeam "Oxford II"]
[WhiteTeamCountry "ENG"]
[BlackTeamCountry "ENG"]

1. d4 e6 2. e4 d5 3. exd5 exd5 4. Be2 Bd6 5. Nf3 Nc6 6. 0-0 Nge7 7. c4 dxc4 8. Bxc4 Bf5 9. Nc3 a6 10. Re1 b5 11. Bd3 0-0 12. Ne4 Bb4 13. Re3 Nxd4 14. Ng3 Nxf3+ 15. Qxf3 Bg6 16. Be4 Bxe4 17. Rxe4 Bd6 18. Be3 Qd7 19. Bd4 f5 20. Re2 Bxg3 21. hxg3 Qxd4 22. Rxe7 Qxb2 23. Rd1 Rad8 24. Rxd8 Rxd8 25. Qxf5 Qc1+ 26. Kh2 Qh6+ 27. Qh3 Qxh3+ 28. Kxh3 Rc8 29. Re6 a5 30. Rc6 Kf7 31. Kg4 Ke7 32. Kf3 Kd7 33. Rc5 c6 34. a4 Kd6 35. Rg5 b4 36. Rxa5 b3 37. Rh5 Re8 38. Rh1 c5 39. Rd1+ Kc6 40. Rc1 Kd5 41. a5 c4 42. a6 b2 43. Rd1+ Kc6 44. a7 Kb7 0-1

[Event "BCF-chT3 0910 (4NCL)"]
[Site "England"]
[Date "2010.02.20"]
[Round "5.4"]
[White "Scott, David A"]
[Black "Thompson, Robert"]
[Result "1/2-1/2"]
[WhiteElo "2058"]
[BlackElo "1863"]
[PlyCount "81"]
[EventDate "2009.10.24"]
[EventType "team-tourn"]
[EventRounds "11"]
[EventCountry "ENG"]
[SourceTitle "EXT 2011"]
[Source "ChessBase"]
[SourceDate "2010.11.26"]
[SourceVersion "1"]
[SourceVersionDate "2010.11.26"]
[SourceQuality "1"]
[WhiteTeam "Oxford II"]
[BlackTeam "Bristol III"]
[WhiteTeamCountry "ENG"]
[BlackTeamCountry "ENG"]

1. d4 Nf6 2. c4 g6 3. Nc3 Bg7 4. Nf3 0-0 5. Bg5 d6 6. e3 c5 7. d5 Qa5 8. Nd2 a6 9. Bd3 e6 10. 0-0 exd5 11. cxd5 b5 12. e4 Nbd7 13. f4 Qb6 14. Kh1 Re8 15. Qf3 Bb7 16. Rae1 c4 17. Bb1 b4 18. Nxc4 Qc5 19. Nxd6 Qxd6 20. e5 Bxd5 21. Nxd5 Qxd5 22. exf6 Qxf3 23. gxf3 Nxf6 24. f5 Rac8 25. fxg6 hxg6 26. Bd3 a5 27. Rxe8+ Rxe8 28. Bc4 Re5 29. Bf4 Rc5 30. b3 Nd5 31. Bd2 Bc3 32. Bh6 Nb6 33. Be3 Rc6 34. Bxb6 Rxb6 35. Rd1 Rf6 36. Rd8+ Kg7 37. Kg2 Rf5 38. Rd7 Be5 39. Rd5 Rg5+ 40. Kf2 Bf4 41. Rxg5 1/2-1/2

[Event "BCF-chT3 0910 (4NCL)"]
[Site "England"]
[Date "2009.10.25"]
[Round "2.4"]
[White "Scott, David A"]
[Black "Meade, Philip J"]
[Result "1-0"]
[WhiteElo "2058"]
[BlackElo "1960"]
[PlyCount "51"]
[EventDate "2009.10.24"]
[EventType "team-tourn"]
[EventRounds "11"]
[EventCountry "ENG"]
[SourceTitle "EXT 2011"]
[Source "ChessBase"]
[SourceDate "2010.11.26"]
[SourceVersion "1"]
[SourceVersionDate "2010.11.26"]
[SourceQuality "1"]
[WhiteTeam "Oxford II"]
[BlackTeam "Gloucestershire. Gambits"]
[WhiteTeamCountry "ENG"]
[BlackTeamCountry "ENG"]

1. d4 Nf6 2. c4 e6 3. Nc3 Bb4 4. e3 b6 5. Bd3 Bb7 6. f3 c5 7. a3 cxd4 8. axb4 dxc3 9. bxc3 d5 10. Ne2 0-0 11. 0-0 Qc7 12. cxd5 exd5 13. Qe1 Nbd7 14. Qh4 Ne5 15. Bb1 a5 16. b5 Qc4 17. Nd4 Qxc3 18. Ra3 Qb4 19. Rb3 Qc4 20. Qg5 Rfe8 21. Bb2 a4 22. Nf5 Ng6 23. Nh6+ gxh6 24. Qxf6 Kf8 25. Qg7+ Ke7 26. Rc3 1-0

[Event "BCF-chT4 0607 (4NCL)"]
[Site "Sunningdale"]
[Date "2007.05.28"]
[Round "11.65"]
[White "Thomas, Jac"]
[Black "Scott, David A"]
[Result "0-1"]
[WhiteElo "1932"]
[BlackElo "2110"]
[PlyCount "84"]
[EventDate "2006.09.16"]
[EventType "team"]
[EventRounds "11"]
[EventCountry "ENG"]
[SourceTitle "EXT 2008"]
[Source "ChessBase"]
[SourceDate "2007.11.25"]
[SourceVersion "1"]
[SourceVersionDate "2007.11.25"]
[SourceQuality "1"]
[WhiteTeam "Monmouth"]
[BlackTeam "Oxford II"]
[WhiteTeamCountry "ENG"]
[BlackTeamCountry "ENG"]

1. e4 c5 2. d4 cxd4 3. c3 g6 4. Nf3 Bg7 5. cxd4 d5 6. e5 Bg4 7. h3 Bxf3 8. Qxf3 e6 9. Nc3 a6 10. Be3 Nc6 11. Rd1 f6 12. Qg4 Qe7 13. f4 Nh6 14. Qe2 0-0 15. g4 fxe5 16. fxe5 Qh4+ 17. Bf2 Qg5 18. Bg2 Qf4 19. 0-0 Qg5 20. Na4 Qe7 21. a3 Rf7 22. Nc5 Raf8 23. Rc1 Rf4 24. Nd3 Nxd4 25. Qe3 Nf3+ 26. Kh1 R4f7 27. Bg3 Nh4 28. Bf4 Nxg2 29. Kxg2 Qh4 30. Qd2 Nxg4 31. hxg4 Qxg4+ 32. Bg3 Rxf1 33. Rxf1 Rxf1 34. Kxf1 Qxg3 35. Qc3 Qf3+ 36. Ke1 Qe4+ 37. Kf2 h5 38. Nc5 Qxe5 39. Qxe5 Bxe5 40. Nxe6 Bxb2 41. a4 Be5 42. Nd8 b5 0-1

[Event "BCF-chT4 0607 (4NCL)"]
[Site "Sunningdale"]
[Date "2007.05.27"]
[Round "10.75"]
[White "Scott, David A"]
[Black "Retallick, Lloyd"]
[Result "0-1"]
[WhiteElo "2110"]
[BlackElo "2065"]
[PlyCount "190"]
[EventDate "2006.09.16"]
[EventType "team"]
[EventRounds "11"]
[EventCountry "ENG"]
[SourceTitle "EXT 2008"]
[Source "ChessBase"]
[SourceDate "2007.11.25"]
[SourceVersion "1"]
[SourceVersionDate "2007.11.25"]
[SourceQuality "1"]
[WhiteTeam "Oxford II"]
[BlackTeam "Poisoned Pawns II"]
[WhiteTeamCountry "ENG"]
[BlackTeamCountry "ENG"]

1. e4 c6 2. d4 d5 3. exd5 cxd5 4. Bd3 Nc6 5. c3 Nf6 6. Bf4 Bg4 7. Qb3 Qd7 8. Nd2 e6 9. Ngf3 Bxf3 10. Nxf3 Bd6 11. Bxd6 Qxd6 12. 0-0 0-0 13. Rae1 Na5 14. Qc2 Nc4 15. Ne5 b5 16. f4 Rac8 17. g4 Qc7 18. g5 Nxe5 19. fxe5 Ne4 20. Bxe4 dxe4 21. Qxe4 b4 22. Re3 Qe7 23. Rf6 bxc3 24. Rh3 g6 25. bxc3 Qa3 26. Qh4 h5 27. gxh6 Kh7 28. Rf2 Rc7 29. Qf4 Rb8 30. Qf6 Qf8 31. Kg2 Qh8 32. Qg5 Qd8 33. Qd2 Qd5+ 34. Rhf3 Qa8 35. Kg1 Rb1+ 36. Rf1 Qxf3 37. Rxb1 Rxc3 38. Rf1 Qg4+ 39. Kh1 Qe4+ 40. Kg1 Qg4+ 41. Kh1 Rc7 42. Qf4 Qxf4 43. Rxf4 Kxh6 44. Rf2 Kg7 45. Kg2 Rc3 46. Rf3 Rc2+ 47. Rf2 Rc4 48. Rd2 Rc3 49. Kf2 g5 50. Ke1 Kg6 51. Rb2 Ra3 52. Rc2 Kf5 53. Rf2+ Ke4 54. Rxf7 Rxa2 55. Rf6 Kd5 56. h3 Rh2 57. Rf7 Kxd4 58. Rxa7 Rxh3 59. Ra5 Rh2 60. Kf1 Ke4 61. Kg1 Rd2 62. Kf1 Kf5 63. Rb5 Rd5 64. Rb8 Rxe5 65. Kf2 Ra5 66. Rf8+ Kg4 67. Rh8 Rf5+ 68. Kg2 e5 69. Re8 Kf4 70. Kf2 g4 71. Ra8 Rf6 72. Ra4+ Kg5+ 73. Kg2 Rd6 74. Kf2 Rd3 75. Ra8 Rf3+ 76. Kg2 Kf4 77. Rf8+ Ke3 78. Rg8 g3 79. Ra8 e4 80. Ra3+ Kf4 81. Ra8 Rf2+ 82. Kg1 Kf3 83. Rg8 e3 84. Rf8+ Ke2 85. Rd8 Ke1 86. Rd3 e2 87. Rd8 Rf3 88. Kg2 Rc3 89. Rd7 Rc2 90. Kxg3 Rd2 91. Ra7 Kf1 92. Rf7+ Kg1 93. Re7 Rd3+ 94. Kg4 Kf2 95. Rf7+ Ke1 0-1